Wszystkie aktorki nominowane do oskara w 21 wieku - Statystyki

Ogólne statystyki
  • Ten quiz został rozwiązany 334 razy
    25 od ostatniego zresetowania
  • Średni wynik to 51 z 159
Statystyki odpowiedzi
Liczba nominacji Aktorka % Poprawnych
4 Jennifer Lawrence
87%
2 Angelina Jolie
80%
5 Emma Stone
80%
10 Meryl Streep
80%
4 Penelope Cruz
80%
2 Anne Hathaway
73%
1 Demi Moore
73%
4 Julianne Moore
73%
2 Julia Roberts
73%
5 Nicole Kidman
73%
2 Sandra Bullock
73%
7 Cate Blanchett
67%
1 Catherine Zeta-Jones
67%
2 Felicity Jones
67%
5 Kate Winslet
67%
1 Lupita Nyong`o
67%
2 Margot Robbie
67%
2 Naomi Watts
67%
3 Natalie Portman
67%
2 Scarlett Johansson
67%
3 Charlize Theron
60%
1 Halle Berry
60%
1 Maggie Smith
60%
5 Michelle Williams
60%
1 Aunjanue Ellis-Taylor
53%
1 Emily Blunt
53%
2 Hilary Swank
53%
1 Jodie Foster
53%
2 Keira Knightley
53%
1 Kristen Stewart
53%
2 Rachel Weisz
53%
4 Saoirse Ronan
53%
1 Teyana Taylor
53%
6 Amy Adams
47%
1 Ariana Grande
47%
1 Florence Pugh
47%
1 Helena Bonham Carter
47%
3 Helen Mirren
47%
1 Jennifer Connelly
47%
6 Judi Dench
47%
1 Lady Gaga
47%
2 Laura Dern
47%
3 Olivia Colman
47%
1 Rachel McAdams
47%
2 Reese Witherspoon
47%
4 Renee Zellweger
47%
1 Salma Hayek
47%
4 Viola Davis
47%
1 Alicia Vikander
40%
1 Amanda Seyfried
40%
1 Elliot Page
40%
4 Frances McDormand
40%
1 Jamie Lee Curtis
40%
1 Jennifer Hudson
40%
3 Jessica Chastain
40%
2 Kate Hudson
40%
2 Marion Cotillard
40%
1 Rosamund Pike
40%
1 Ana de Armas
33%
1 Angela Bassett
33%
2 Cynthia Erivo
33%
1 Diane Keaton
33%
1 Elle Fanning
33%
1 Helen Hunt
33%
1 Holly Hunter
33%
1 Jennifer Jason Leigh
33%
1 Juliette Binoche
33%
2 Kathy Bates
33%
1 Kirsten Dunst
33%
2 Marcia Gay Harden
33%
1 Mikey Madison
33%
3 Octavia Spencer
33%
1 Patricia Arquette
33%
2 Rooney Mara
33%
1 Tilda Swinton
33%
1 Zoe Saldana
33%
1 Allison Janney
27%
4 Annette Bening
27%
1 Brie Larson
27%
3 Carey Mulligan
27%
1 Ellen Burstyn
27%
3 Laura Linney
27%
1 Maggie Gyllenhaal
27%
1 Michelle Yeoh
27%
1 Mo`Nique
27%
1 Patricia Clarkson
27%
1 Queen Latifah
27%
1 Rose Byrne
27%
1 Sally Field
27%
1 Sissy Spacek
27%
1 Charlotte Rampling
20%
1 Emmanuelle Riva
20%
1 Fernanda Torres
20%
3 Glenn Close
20%
1 Hailee Steinfeld
20%
1 Imelda Staunton
20%
1 Isabelle Huppert
20%
2 Jacki Weaver
20%
2 Jessie Buckley
20%
1 Julie Walters
20%
2 Marisa Tomei
20%
2 Melissa Leo
20%
2 Melissa McCarthy
20%
1 Regina King
20%
1 Sandra Huller
20%
1 Toni Collette
20%
1 Yuh-Jung Youn
20%
1 Adriana Barraza
13%
1 America Ferrera
13%
1 Amy Madigan
13%
1 Amy Ryan
13%
1 Andra Day
13%
1 Ariana DeBose
13%
1 Berenice Bejo
13%
1 Catalina Sandino Moreno
13%
1 Chloe Sevigny
13%
1 Da`Vine Joy Randolph
13%
1 Diane Lane
13%
1 Felicity Huffman
13%
1 Gabourey Sidibe
13%
1 Isabella Rossellini
13%
1 Julie Christie
13%
1 June Squibb
13%
1 Laurie Metcalf
13%
1 Lily Gladstone
13%
1 Maria Bakalova
13%
1 Mary J. Blige
13%
1 Monica Barbaro
13%
1 Naomie Harris
13%
1 Quvenzhane Wallis
13%
1 Rinko Kikuchi
13%
1 Ruby Dee
13%
1 Ruth Negga
13%
2 Sally Hawkins
13%
1 Taraji P. Henson
13%
1 Vanessa Kirby
13%
1 Vera Farmiga
13%
1 Virginia Madsen
13%
1 Wunmi Mosaku
13%
1 Abigail Breslin
7%
1 Andrea Riseborough
7%
1 Anna Kendrick
7%
2 Catherine Keener
7%
1 Danielle Brooks
7%
1 Hong Chau
7%
1 Inga Ibsdotter Lilleaas
7%
2 Janet McTeer
7%
1 Joan Allen
7%
1 Karla Sofia Gascon
7%
1 Keisha Castle-Hughes
7%
1 Kerry Condon
7%
1 Lesley Manville
7%
1 Marina de Tavira
7%
1 Renate Reinsve
7%
2 Samantha Morton
7%
1 Shohreh Aghdashloo
7%
1 Sophie Okonedo
7%
1 Stephanie Hsu
7%
1 Yalitza Aparicio
7%
Nie znaleziono quizów pasujących do podanych kryteriów
Rozkład punktacji
Procent ludzi z każdym wynikiem
Percentyl według liczby udzielonych odpowiedzi
Twoja historia wyników
Nie rozwiązałeś tego quizu od ostatniego zresetowania